000 00453nam a22001697a 4500
003 NUST - PNEC
005 20170116181142.0
008 151008b xxu||||| |||| 00| 0 eng d
020 _a8122413099
040 _cLIBRARY
082 _a658.5 MOU
100 _914742
_aMoustapha imad
245 _aConcurrent engineering in product design and development
_cImad Moustapha
260 _cc2001.
650 _914745
_aNew products
_xIME
942 _2ddc
_cBK
999 _c70534
_d70534